Statistics for Destiny 2 Quiz 1

Click here to take the quiz!

General Stats

  • This quiz has been taken 1,280 times
  • The average score is 12 of 19

Answer Stats

HintAnswer% Correct
The location you find ZavalaTitan
83%
Agent of the Nine who sells exotic armour and weaponsXur
83%
Name of the NPC on EDZDevrim Kay
81%
The location you find IkoraIo
80%
The location you find Cayde-6Nessus
80%
Name of the first social space you gain access toThe Farm
74%
Name of the NPC on that locationFailsafe
71%
Currency accepted by the above NPCLegendary shards
71%
Maximum glimmer you can hold at any given time99,999+
65%
NPC who accepts gunsmith parts as currencyBanshee-44
65%
Name of the final boss in the story campaignGhaul
63%
Name of the clan NPCSuraya Hawthorne
62%
Material found on EDZDusklight
60%
Name of the NPC on that locationSloane
60%
Name of the competitive PvP mode only available Friday-TuesdayTrials of the Nine
56%
Name of the NPC on that locationAsher Mir
55%
Material found thereDatalattice
36%
Material found thereAlkane
35%
Material found therePhaseglass
29%

Score Distribution

Percentile by Number Answered

Percent of People with Each Score

Your Score History

You have not taken this quiz